000 00744cam a2200193 4500
008 000000n2000 000 0 eng u
035 _a(Sirsi) u106071
245 _aCanary Wharf £475m bond issue
260 _c2000
490 _aFinancial Times
_v 19 May 2000, 30 (1)
520 _aCanary Wharf is planning to raise £475m through a bond issue. This is expected to at least halve the rates at which Canary Wharf can borrow money and raises the prospect of lower overall rates for asset-backed financings generally.
590 _aWB
650 _aCANARY WHARF
650 _aASSET-BACKED BOND FINANCING
650 _aBONDS
650 _aSECURITISATION
690 _aMANAGEMENT-BUSINESS MANAGEMENT-FINANCIAL MANAGEMENT
942 _n0
999 _c63539
_d63539